Internet : langkah demi langkah
| Main Author: | |
|---|---|
| Format: | Book |
| Published: |
Kuala Lumpur :
Venton Pub. ,
1999
|
| Subjects: |
MARC
| LEADER | 00000cam a2200000 7i4500 | ||
|---|---|---|---|
| 001 | 0000003167 | ||
| 005 | 20050308.0 | ||
| 020 | 0 | 0 | |a 9832031117 |
| 090 | 0 | 0 | |a 004.678 |b PAL |
| 100 | 0 | 0 | |a Palani Murugappan |
| 245 | 0 | 0 | |a Internet : |b langkah demi langkah |c oleh Palani Murugappan |
| 260 | 0 | 0 | |a Kuala Lumpur : |b Venton Pub. , |c 1999 |
| 300 | |a viii, 166ms. : |b il. ; |c 26cm. | ||
| 650 | 0 | 0 | |a Internet (Computer network) |
| 650 | 0 | 0 | |a World Wide Web (Information retrieval system) |
| 999 | |a 0000005546 |b Monograph |c Open Shelf |e Default branch | ||